Adivinhe a Letra: O Quereres - Statistics

Estatísticas Gerais
  • Esse quiz foi jogado 25 vezes
  • A pontuação média é 180 de 322
Estatísticas das Respostas
Letra % Correto
a
93%
E
93%
e
93%
é
93%
E,
93%
o
93%
O
93%
que
93%
Que
93%
do
87%
Do
87%
querer
87%
de
80%
és
80%
na
80%
80%
eu
73%
Eu
73%
não
73%
não,
73%
Não
73%
sou
73%
chão
67%
chão,
67%
desejo
67%
desejo,
67%
no
67%
Onde
67%
onde
67%
paixão
67%
queres
67%
bem
60%
bem,
60%
Bem
60%
flor
60%
flor,
60%
mal
60%
nada,
60%
nada
60%
te
60%
alma
53%
amor
53%
Bruta
53%
bruta
53%
minha
53%
quereres
53%
sim
53%
ao
47%
dinheiro,
47%
falta
47%
liberdade
47%
me
47%
mim
47%
ter
47%
47%
Ah!
40%
amar
40%
amplidão
40%
assim
40%
chinês
40%
coqueiro
40%
coqueiro,
40%
descanso,
40%
espírito
40%
ganha
40%
mulher
40%
quero,
40%
revólver,
40%
talvez
40%
anjo,
33%
burguês
33%
caubói,
33%
como
33%
decassílabo
33%
desigual
33%
dói
33%
eunuco,
33%
garanhão
33%
livre,
33%
luz
33%
maluco
33%
mundo
33%
pisas
33%
querer-te,
33%
querer-te
33%
romântico,
33%
sol
33%
tão
33%
ti,
33%
um
33%
voas
33%
alta,
27%
em
27%
família,
27%
fevereiro
27%
fim
27%
Leblon,
27%
mais
27%
Pernambuco
27%
pessoal
27%
queria
27%
razão
27%
revolução
27%
salta
27%
sem
27%
vislumbro
27%
ato,
20%
dulcíssima
20%
estares
20%
Faz-me
20%
20%
herói
20%
Infinitivamente
20%
inteiro
20%
lua,
20%
mansidão
20%
Mas
20%
prazer,
20%
prisão
20%
querendo
20%
rock'n roll
20%
romance,
20%
sempre
20%
tesão
20%
vês,
20%
vida
20%
bandido,
13%
dor
13%
inseticídio
13%
irmão
13%
lar,
13%
mistério,
13%
natura,
13%
nunca
13%
obus
13%
pura
13%
quaresma,
13%
ternura,
13%
tortura,
13%
total
13%
Tudo
13%
adequação
7%
aprender
7%
armou
7%
buscas
7%
cilada
7%
Construirmos
7%
Encontrar
7%
flipper-vídeo
7%
justa
7%
métrica
7%
querendo-te,
7%
real
7%
rima
7%
viés
7%
canto,
0%
comício,
0%
lobo,
0%
Nenhum quiz correspondente encontrado
Distribuição das Pontuações
Porcentagem de Pessoas com Cada Pontuação
Percentil de Números Respondidos
Sua Pontuação Histórica
Você não jogou esse quiz